000 00304nam a22001337a 4500
008 181106b xxu||||| |||| 00| 0 eng d
020 _a9780691117270
041 _aeng
080 _a370
100 _a49
101 _aEDU
245 _aTraveling A the Speed Of Thought
_cDaniel.K
942 _2udc
_cBK
999 _c51966
_d51966